Most Gay-Friendly Countries - Statistics

General Stats
  • This quiz has been taken 162 times
  • The average score is 8 of 10
Answer Stats
GAI Answer % Correct
9.18 Sweden
90%
9.38 Norway
89%
9.46 Netherlands
87%
9.02 Canada
85%
8.69 Denmark
84%
8.34 Great Britain
83%
9.78 Iceland
81%
8.77 Spain
79%
8.41 Ireland
76%
8.23 New Zealand
70%
No matching quizzes found
Score Distribution
Percent of People with Each Score
Percentile by Number Answered
Your Score History
You have not taken this quiz